Memoria presentada al Excmo. Señor Ministro de Comercio Instrucción y Obras Públicas, por la Junta calificadora de los productos de la industria española reunidos en la exposición pública de 1850 / (Record no. 43907)

MARC details
000 -LEADER
campo de control de longitud fija 00718nam a2200169 i 4500
001 - NÚMERO DE CONTROL
campo de control 43907
003 - IDENTIFICADOR DE NÚMERO DE CONTROL
campo de control ES-MaACL
005 - FECHA Y HORA DE LA ÚLTIMA TRANSACCIÓN
campo de control 20230906160915.0
007 - CAMPO FIJO DE DESCRIPCIÓN FÍSICA--INFORMACIÓN GENERAL
campo de control de longitud fija t|
008 - DATOS DE LONGITUD FIJA--INFORMACIÓN GENERAL
campo de control de longitud fija 030320s1851 sp ||||1| spa d
100 1# - ENTRADA PRINCIPAL--NOMBRE DE PERSONA
Nombre de persona Caveda y Nava, José.
9 (RLIN) 37175
245 10 - MENCIÓN DEL TÍTULO
Título Memoria presentada al Excmo. Señor Ministro de Comercio Instrucción y Obras Públicas, por la Junta calificadora de los productos de la industria española reunidos en la exposición pública de 1850 /
Mención de responsabilidad, etc. José Caveda y Nava.
260 ## - PUBLICACIÓN, DISTRIBUCIÓN, ETC.
Lugar de publicación, distribución, etc. Madrid :
Nombre del editor, distribuidor, etc. [s.n.,
Fecha de publicación, distribución, etc. 1851] (
Fabricante Tip. Saunaque)
300 ## - DESCRIPCIÓN FÍSICA
Extensión 630 p. ;
Dimensiones 27 m.
611 24 - PUNTO DE ACCESO ADICIONAL DE MATERIA--NOMBRE DE REUNIÓN/CONGRESO
Nombre de congreso/reunión o jurisdicción como elemento de entrada Exposición Pública de los Productos de la Industria Española (
Número del congreso/reunión o número de parte o sección 6ª.
Fecha del congreso o de la firma del tratado 1850.
Sede del congreso/Lugar de la reunión Madrid)
9 (RLIN) 170230
852 ## - LOCALIZACIÓN
Ubicación ES-MaACL
Número de control de estantería G-6369
Holdings
Estatus retirado Estado de pérdida Estado de daño No para préstamo Colección Biblioteca de origen Biblioteca actual Ubicación en estantería Fecha de adquisición Fuente de adquisición Total de préstamos Signatura topográfica completa Código de barras Visto por última vez Precio de reemplazo Tipo de ítem Koha
        Libros del s. XIX Biblioteca del Ateneo de Madrid Biblioteca del Ateneo de Madrid Depósito 2 17/01/2008     G-6369 1046217 23/02/2023 23/02/2023 Libro impreso antiguo